| 000 | 01175nam a2200217 4500 | ||
|---|---|---|---|
| 005 | 20250411142833.0 | ||
| 008 | 250411b |||||||| |||| 00| 0 eng d | ||
| 020 | _a9780198884675 | ||
| 037 | _cTextual | ||
| 040 |
_aRTL _cRTL |
||
| 084 |
_aY5926.274 R4 _qRTL |
||
| 100 |
_aBasu, Ipshita _9752181 |
||
| 245 | _aReclaiming indigeneity and democracy in India`s Jharkhand | ||
| 260 |
_aUnited Kingdom _bOxford university press _c2024 |
||
| 300 |
_axi, 225 p. _bIncludes bibliographical reference and index |
||
| 520 | _aIn 'Reclaiming Indigeneity and Democracy in India's Jharkhand', Ipshita Basu contributes to scholarship on critical social justice and indigeneity by highlighting 'relations of justification' as a central feature of group-based claims-making for social groups identifying with indigeneity in diverse ways. Specifically, the book focuses on reclaiming political recognition for Adivasis within the contemporary dynamics of majoritarian populism and the market economy | ||
| 650 |
_aDemocracy India Jharkhand _9752182 |
||
| 650 |
_aPolitics and Government _9580034 |
||
| 650 |
_aIndia Jharkhand _9752183 |
||
| 942 |
_2CC _n0 _cTB _hY5926.274 R4 |
||
| 999 |
_c1308878 _d1308878 |
||